Mamacita - Chase Atlantic (lyrics) - Statistics

General Stats
  • This quiz has been taken 38 times
  • The average score is 293 of 396
Answer Stats
Answer % Correct
a
96%
I
96%
Mama,
96%
mama-,
96%
(ah-ah-ah)
92%
mamacita,
92%
(mamacita)
92%
Mamacita,
92%
mamacita
92%
mamacita-macita
92%
Mamacita-macita,
92%
mamacita-macita,
92%
yeah
92%
(yeah)
92%
yeah)
92%
(yeah,
92%
yeah,
92%
(Yeah,
92%
me
88%
me
88%
She
88%
(She
88%
the
88%
her
84%
her,
84%
no-no,
84%
no-no-no
84%
do
80%
my
80%
(no)
80%
no)
80%
no
80%
(oh,
80%
Oh,
80%
She's
80%
she's
80%
that
80%
(uh-oh)
80%
but
76%
But
76%
don't
76%
go
76%
in
76%
love
76%
Make
76%
make
76%
never
76%
Never
76%
not
76%
of
76%
oh-oh
76%
oh-yeah
76%
out
76%
proud,
76%
That's
76%
(That's
76%
keep
72%
doesn't
72%
down
72%
fuckin'
72%
it
72%
keep
72%
need
72%
with
72%
you
72%
been
68%
by
68%
dance
68%
gon'
68%
makes
68%
might
68%
moonlight
68%
(moonlight)
68%
tequila
68%
violent
68%
can
64%
mean
64%
than
64%
there
64%
up
64%
better
60%
caught
60%
ever
60%
fire
60%
keeps
60%
kill
60%
law
60%
liar
60%
Off
60%
sniff
60%
so
60%
sun's
60%
tell
60%
truth
60%
whoa)
60%
whoa
60%
blade,
56%
burn
56%
heart
56%
heart)
56%
leave
56%
lettin'
56%
mouth,
56%
pornstar,
56%
rain
56%
She'll
56%
'til
56%
won't
56%
all
52%
around
52%
carry
52%
cool
52%
face
52%
may
52%
on
52%
try
52%
and
48%
lonesome
48%
more
48%
pain
48%
silence
48%
to
48%
eyes
44%
get
44%
(get
44%
insane
44%
(insane)
44%
Look
44%
product
44%
product,
44%
take
44%
work
44%
away
40%
creepin'
40%
is
40%
kicking
40%
Kind
40%
now
40%
now,
40%
pouch,
40%
way
40%
way)
40%
Xan'
40%
(Xan',
40%
Xan)
40%
again
36%
cruel
36%
(cruel
36%
say
36%
some
36%
woah
36%
nothin'
32%
shit,
32%
white
32%
ah
28%
left
28%
(woo)
28%
woo)
28%
bars
24%
girl)
24%
Listen,
24%
ayy
8%
No matching quizzes found
Score Distribution
Percent of People with Each Score
Percentile by Number Answered
Your Score History
You have not taken this quiz